000 00813nam a22002897a 4500
001 BR0501052
003 BR-BrBNA
005 20230928101824.0
007 ta
008 230509b bl.||||| |||| 00| 0 por d
040 _aBR-BrBNA
_bpor
_cBiblioteca Nacional de Agricultura
041 _a(Por)
072 _aE71
090 _ E71 BR0501052
100 1 _aFurlan, F.
110 1 _aUniversité de Paris I Panthéon-Sorbonne (France)
_0Tese (Mestrado)
_911343
245 1 _aIntegração e soberania: o Brasil e o MERCOSUL
260 3 _aParis (France):
_c2000.
300 _a140 p.
650 _aCOMÉRCIO EXTERIOR
650 _aMERCADO INTERNACIONAL
650 _aMERCOSUL
650 _aPOLÍTICA COMERCIAL
650 _aPOLÍTICA GOVERNAMENTAL
909 _a202309
_bLucia
_c55
_dLucia Elande
942 _cBK
999 _c67755
_d67755